Politika životného prostredia Európskej únie bakalárska práca

Enregistré dans:
Détails bibliographiques
Auteur principal: Ferenc, Daniel
Collectivité auteur: Fakulta medzinárodných vzťahov EU. Katedra medzinárodných ekonomických vzťahov a hospodárskej diplomacie
Autres auteurs: Damašková, Tatiana, 1969-
Format: Livre
Langue:slovaque
Publié: Bratislava 2022
Tags: Ajouter un tag
Pas de tags, Soyez le premier à ajouter un tag!

MARC

LEADER 00000nbm a2200000 4500
001 0285235
005 20230403102943.5
041 0 |a slo 
044 |a SK 
245 1 0 |a Politika životného prostredia Európskej únie  |b bakalárska práca  |c Daniel Ferenc ; školiteľ: Tatiana Damašková 
264 1 |a Bratislava  |c 2022 
300 |a 56 s. 
100 1 |a Ferenc, Daniel 
700 1 |a Damašková, Tatiana, 1969- 
710 2 |a Fakulta medzinárodných vzťahov EU. Katedra medzinárodných ekonomických vzťahov a hospodárskej diplomacie